[Event "Mittelrhein Verbandsliga-M 1112"]
[Site "Germany"]
[Date "2012.01.15"]
[Round "5.4"]
[White "Laible, Manfred"]
[Black "Peters, Danuta"]
[Result "1/2-1/2"]
[WhiteElo "1964"]
[BlackElo "1875"]
[PlyCount "43"]
[EventDate "2011.09.18"]
[EventType "team-tourn"]
[EventRounds "11"]
[EventCountry "GER"]
[SourceTitle "EXT 2013"]
[Source "ChessBase"]
[SourceDate "2012.11.22"]
[SourceVersion "1"]
[SourceVersionDate "2012.11.22"]
[SourceQuality "1"]
[WhiteTeam "Koeln Lasker II"]
[BlackTeam "Koeln Ford SF II"]
[WhiteTeamCountry "GER"]
[BlackTeamCountry "GER"]

1. e4 d6 2. d4 Nf6 3. Bd3 g6 4. Ne2 Bg7 5. 0-0 0-0 6. c3 Nbd7 7. f4 c5 8. h3 cxd4 9. cxd4 Qb6 10. Nd2 e5 11. Nc4 Qc7 12. f5 Nxe4 13. Bxe4 Qxc4 14. Be3 Re8 15. b3 Qc7 16. Rc1 Qa5 17. d5 Nf6 18. Nc3 Qb4 19. a3 Qxa3 20. g4 Nxe4 21. Nxe4 Bd7 22. Qf3 1/2-1/2

[Event "Mittelrhein Verbandsliga-M 1112"]
[Site "Germany"]
[Date "2011.12.11"]
[Round "4.4"]
[White "Peters, Danuta"]
[Black "Mueller, Achim"]
[Result "1/2-1/2"]
[WhiteElo "1875"]
[BlackElo "1770"]
[PlyCount "88"]
[EventDate "2011.09.18"]
[EventType "team-tourn"]
[EventRounds "11"]
[EventCountry "GER"]
[SourceTitle "EXT 2013"]
[Source "ChessBase"]
[SourceDate "2012.11.22"]
[SourceVersion "1"]
[SourceVersionDate "2012.11.22"]
[SourceQuality "1"]
[WhiteTeam "Koeln Ford SF II"]
[BlackTeam "Rheinbacher SF II"]
[WhiteTeamCountry "GER"]
[BlackTeamCountry "GER"]

1. d4 Nf6 2. c4 e6 3. Nf3 c5 4. d5 b5 5. dxe6 fxe6 6. e3 a6 7. Nc3 Be7 8. cxb5 d5 9. bxa6 0-0 10. Be2 Bxa6 11. Bxa6 Rxa6 12. 0-0 Nc6 13. Qe2 Rb6 14. b3 Qc7 15. Na4 Rbb8 16. Ba3 Qa5 17. Ng5 Nd8 18. Rac1 Rc8 19. Qc2 h6 20. Nf3 Nb7 21. Qc3 Nd7 22. Qxa5 Nxa5 23. Rc2 Rfe8 24. Rfc1 Nb7 25. Ne1 Ra8 26. Nf3 Bf8 27. h3 g5 28. Bb2 Bg7 29. Bxg7 Kxg7 30. Nc3 Nd6 31. g4 Kf6 32. Kg2 Nb6 33. a4 Reb8 34. Nb5 Nxb5 35. axb5 Nd7 36. h4 Rxb5 37. hxg5+ hxg5 38. Nd2 Rh8 39. Ra1 Rh4 40. f3 Rh8 41. Ra7 Rd8 42. Rc7 Ra5 43. Kg3 Ra1 44. Kg2 Ke5 1/2-1/2

[Event "BL2 Gr1 0304 (Women)"]
[Site "Germany"]
[Date "2004.01.11"]
[Round "5.3"]
[White "Peters, Danuta"]
[Black "Froehlich Dill, Astrid"]
[Result "1/2-1/2"]
[WhiteElo "1757"]
[BlackElo "2036"]
[PlyCount "50"]
[EventDate "2003.10.25"]
[EventType "team-tourn"]
[EventRounds "7"]
[EventCountry "GER"]
[SourceTitle "EXT 2006"]
[Source "ChessBase"]
[SourceDate "2005.11.24"]
[SourceVersion "1"]
[SourceVersionDate "2005.11.24"]
[SourceQuality "1"]
[WhiteTeam "Eikamp (W)"]
[BlackTeam "Hofheim (W)"]
[WhiteTeamCountry "GER"]
[BlackTeamCountry "GER"]

1. d4 Nf6 2. c4 e6 3. Nf3 b6 4. g3 Bb7 5. Bg2 c5 6. dxc5 Bxc5 7. 0-0 0-0 8. b3 Nc6 9. Bb2 d5 10. cxd5 Nxd5 11. Nc3 Nxc3 12. Bxc3 Qe7 13. Ne5 Rac8 14. Qd7 Nxe5 15. Qxe7 Bxe7 16. Bxe5 Ba6 17. Bf3 Rc2 18. Rfc1 Rfc8 19. Rxc2 Rxc2 20. e3 f5 21. a4 Kf7 22. Rd1 Bf6 23. Rd7+ Ke8 24. Rc7 Rxc7 25. Bxc7 Bd3 1/2-1/2